Kom Rabiʻa : the New Kingdom and Post-New Kingdom objects /

محفوظ في:

المؤلف الرئيسي: Giddy, Lisa L. (مؤلف)

مؤلف مشترك: Egypt Exploration Society.

التنسيق: كتاب

اللغة: English

سلاسل: EES excavation memoir ; 64.
EM ; 64.
Survey of Memphis ; 2.

الموضوعات:

الوسوم: إضافة وسم

لا توجد وسوم, كن أول من يضع وسما على هذه التسجيلة!

رقم الطلب: ( F )DT57 .E32 v.64

LEADER 01366namaa2200385 4500
001 16906
003 OSt
005 20210228143126.0
008 130303s1999 enkaf g b 001 0 eng d
952 |0 0  |1 0  |2 lcc  |3 V.64  |4 0  |7 1  |9 10757  |a ARCE  |b ARCE  |d 2021-02-28  |l 0  |o ( F )DT57 .E32 v.64  |p 1019604  |r 2021-02-28 00:00:00  |w 2021-02-28  |y BK 
999 |c 19301  |d 19301 
020 |a 0856981478 
040 |c ARCE Library 
043 |a f-ua--- 
050 0 4 |a ( F )DT57 .E32 v.64 
100 1 |a Giddy, Lisa L.,  |e author  |9 30754 
245 1 0 |a Kom Rabiʻa :  |b the New Kingdom and Post-New Kingdom objects /  |c Lisa Giddy. 
264 1 |a London :  |b Egypt Exploration Society,  |c 1999. 
300 |a xv, 391 pages, 94 pages of plates :  |b illustrations ;  |c 31 cm. 
336 |a text  |b txt  |2 rdacontent 
337 |a unmediated  |b n  |2 rdamedia 
338 |a volume  |b nc  |2 rdacarrier 
490 1 |a EES excavation memoir ;   |v 64. 
490 1 |a EM ;   |v 64. 
490 1 |a Survey of Memphis ;   |v 2. 
504 |a Includes bibliographical references (pages xi-xv) and indexes. 
650 0 |a Excavations (Archaeology)  |z Egypt  |z Memphis (Extinct city) 
651 0 |a Memphis (Extinct city) 
651 0 |a Egypt  |x Antiquities. 
710 2 |a Egypt Exploration Society. 
830 0 |a EES excavation memoir ;   |v 64. 
830 0 |a EM ;   |v 64. 
830 0 |a Survey of Memphis ;  |v 2. 
901 |a reviewed 
942 |c BK  |2 lcc